01331cam a2200313 a 4500001000800000005001700008008004100025010001700066035002700083040003000110041001100140042001400151066000700165080001200172082001200184100000700196101000800203245020700211246002700418504005400445880026300499880005500762880005000817880003800867880003800905906004500943942001200988999001701000527962620180110073307.0950803s1994 ja a bc 000 0 jpn d a 95840289  a(CStRLIN)DCLP95-B15917 aKUcKUdMiU-AdDLC-RdDLC0 ajpneng alccopycat c$1 a7 CLA 27 CLA1 a44 aART106880-01aMone ten =cshusai Ishibashi Zaidan Burijisuton Bijutsukan ... [et al.] ; [henshū Ishibashi Zaidan Burijisuton Bijutsukan, Nagoya-shi Bijutsukan ; tekisuto Pōru Heizu Takkaā ... [et al.]].31aMonet, a retrospective aIncludes bibliographical references (p. 278-297).106245-01/$1aモネ展 =bMonet, a retrospective /c主催石橋財団ブリヂストン美術館 ... [et al.] ; [編集石橋財団ブリヂストン美術館, 名古屋市美術館 ; テキストポールヘイズタッカー ... [et al.]]. 6260-02/$1a名古屋市 :b中日新聞社,c1994.2 6710-03/$1aブリジストン美術館.2 6710-04/$1a名古屋市美術館.2 6710-05/$1aひろしま美術館. a7bcbccorignewd3encipf19gy-rlinjack 2ddccBK c39998d39998